01629nam a2200301 a 4500001001000000003000900010005001700019008004100036020001500077040002500092082001700117245013600134260005200270300002100322500029800343500005700641504007300698505014900771650007200920650006900992650007501061650006401136650001701200700003001217710002801247710003401275710001801309000001965DO-SdBNP20260319120903.0090630s2000 dr 000 0 spa d a9993424013 aDO-SdBNPbspacBNPHU a323.6bP221n00aPara una nueva ciudadania en América Latina :baportes desde la educación en derechos humanos /cedición Raymundo González. aSanto Domingo :bCentro Cultural Poveda,c2000. a222 p. ;c21 cm. aPonencias presentadas en el II Seminario Internacional "Globalización, identidades culturales y reformas educativas : retos para la educación en derechos humanos", organizado por el Centro Poveda, Novamérica y Yachay Tinkuy, 30-31 de marzo de 2000, Santo Domingo, República Dominicana. aEdición financiada por la Fundación W. K. Kellog aIncluye referencias bibliográficas y notas al pie de las páginas2 aGlobalización y derechos humanos -- Educación ciudadana y derechos humanos -- Identidades culturales y movimientos sociales -- Experiencias. 4aEducacion para los derechos humanosvCongresos, conferencias, etc.  4aDerechos humanoszAmerica LatinavCongresos, conferencias, etc.  0aDerechos políticoszAmérica LatinavCongresos, conferencias, etc.  4aEducacionzAmérica LatinavCongresos, conferencias, etc.  0aCiudadanía aGonzález, Raymundoeed.22aCentro Cultural Poveda.22aProjeto Novaméica (Brazil).22aYachay Tinkuy